Mal's General Knowledge 10 - Statistics

General Stats
  • This quiz has been taken 152 times
    140 since last reset
  • The average score is 11 of 20
Answer Stats
Hint Answer % Correct
Pyong Yang is the capital of which country North Korea
95%
Fe is the periodic symbol for which element Iron
92%
Which scientist formulated the 'Laws of Gravity' Isaac Newton
91%
What is the most northerly State of the USA Alaska
88%
Which Chess piece never moves diagonally Castle/Rook
82%
How many players are fielded in a Rugby Union side 15
77%
In cooking, what is a 'Champignon' Mushroom
71%
In what country was Mel Gibson born USA
69%
What is a 'Persimmon' A Fruit
60%
What colour is the dye 'Woad' Blue
54%
How many vertebrae are in the normal human spine 33
50%
What is 1666 in Roman Numerals MDCLXVI
47%
What is the longest English word possible using only the top letter row of the typewriter Typewriter
42%
Which great artist designed the uniforms for the Vatican Swiss Guard Michelangelo
38%
H.G.Wells, Author, What does the 'H' stand for Herbert
36%
Who composed the music for the Opera 'Carmen' Georges Bizet
35%
What is the only lake to have freshwater sharks Lake Nicaragua
31%
What type of animal is a 'Krait' Snake
25%
In 'The Godfather' who broke Michael Corleones heart Fredo
23%
Which actor was 'Indira Ghandi' on her way to meet when she was assassinated Peter Ustinov
9%
No matching quizzes found
Score Distribution
Percent of People with Each Score
Percentile by Number Answered
Your Score History
You have not taken this quiz since the last reset